[Event "GER-ch Seniors 65 31st"]
[Site "Radebeul"]
[Date "2019.04.30"]
[Round "5"]
[White "Jacob, Helmut"]
[Black "Dresen, Ulrich"]
[Result "0-1"]
[WhiteElo "2107"]
[BlackElo "2228"]
[PlyCount "76"]
[EventDate "2019.04.26"]
[EventType "swiss"]
[EventRounds "9"]
[EventCountry "GER"]
[SourceTitle "CBM 190 Extra"]
[Source "ChessBase"]
[SourceDate "2019.07.15"]
[SourceVersion "1"]
[SourceVersionDate "2019.07.15"]
[SourceQuality "1"]

1. e4 e5 2. Nf3 Nc6 3. Nc3 Nf6 4. d4 Bb4 5. Nxe5 Qe7 6. Nxc6 Qxe4+ 7. Qe2 Bxc3+ 8. bxc3 dxc6 9. f3 Qxe2+ 10. Bxe2 Be6 11. Kf2 Nd5 12. Bd2 Nb6 13. Rhb1 0-0-0 14. a4 a5 15. Bd3 Rhe8 16. Rb2 Re7 17. h4 Rde8 18. Rab1 Nc4 19. Bxc4 Bxc4 20. Bf4 Re2+ 21. Kg3 b6 22. h5 f6 23. Bxc7 Kxc7 24. Rxb6 R8e7 25. Rb8 h6 26. R1b7+ Kd6 27. Rd8+ Ke6 28. Rb6 Rc7 29. Ra8 Rxc2 30. Rxa5 Kd7 31. Rc5 Bf1 32. a5 Rxg2+ 33. Kf4 Rg5 34. Rxg5 fxg5+ 35. Ke5 Ra7 36. Ke4 Bc4 37. Kf5 Bd3+ 38. Ke5 Rxa5+ 0-1

[Event "GER-ch Seniors 65 31st"]
[Site "Radebeul"]
[Date "2019.04.27"]
[Round "2"]
[White "Dresen, Ulrich"]
[Black "Klein, Reinhard"]
[Result "1-0"]
[WhiteElo "2228"]
[BlackElo "1863"]
[PlyCount "59"]
[EventDate "2019.04.26"]
[EventType "swiss"]
[EventRounds "9"]
[EventCountry "GER"]
[SourceTitle "CBM 190 Extra"]
[Source "ChessBase"]
[SourceDate "2019.07.15"]
[SourceVersion "1"]
[SourceVersionDate "2019.07.15"]
[SourceQuality "1"]

1. d4 d5 2. Bf4 Nf6 3. e3 c5 4. c3 Nc6 5. Nd2 Qb6 6. Qc2 g6 7. Ngf3 Bg7 8. h3 0-0 9. Be2 Bf5 10. Qb3 c4 11. Qa3 Rfe8 12. b3 cxb3 13. axb3 Ne4 14. Nxe4 Bxe4 15. 0-0 e5 16. dxe5 Nxe5 17. Nd4 Bf8 18. Qa5 Rac8 19. Qxa7 Qxa7 20. Rxa7 Rxc3 21. Rxb7 Nd3 22. Bxd3 Bxd3 23. Ra1 h6 24. b4 g5 25. Bg3 Rcc8 26. b5 Bc5 27. b6 Ra8 28. Rba7 Rad8 29. Bc7 Rd7 30. Ra8 1-0

[Event "Oberliga NRW 1819"]
[Site "Germany"]
[Date "2019.04.14"]
[Round "8.1"]
[White "Dresen, Ulrich"]
[Black "Koscielski, Janusch"]
[Result "1/2-1/2"]
[WhiteElo "2260"]
[BlackElo "2330"]
[PlyCount "117"]
[EventDate "2018.09.16"]
[EventType "team-tourn"]
[EventRounds "9"]
[EventCountry "GER"]
[SourceTitle "EXT 2020"]
[Source "ChessBase"]
[SourceDate "2019.10.17"]
[SourceVersion "1"]
[SourceVersionDate "2019.10.17"]
[SourceQuality "1"]
[WhiteTeam "Gerresheim"]
[BlackTeam "Wattenscheid"]
[WhiteTeamCountry "GER"]
[BlackTeamCountry "GER"]

1. d4 Nf6 2. Bg5 d5 3. e3 c5 4. c3 Qb6 5. Qb3 c4 6. Qxb6 axb6 7. Nd2 b5 8. g3 Nbd7 9. Bg2 e6 10. Ne2 b4 11. 0-0 h6 12. Bxf6 Nxf6 13. e4 Bd7 14. exd5 exd5 15. Rfe1 Kd8 16. Nf1 Bc6 17. Ne3 Kc7 18. Nf4 bxc3 19. bxc3 Ra5 20. Bf3 g6 21. Nfg2 Bd6 22. Ng4 Nxg4 23. Bxg4 Rha8 24. Re2 Ra3 25. Rc2 b5 26. Ne3 Be7 27. Bf3 Kd6 28. Kg2 h5 29. h4 Bf6 30. g4 hxg4 31. Nxg4 Bxh4 32. Ne5 Be8 33. Rh1 Bg5 34. Rh7 R3a7 35. Re2 Rxa2 36. Rxa2 Rxa2 37. Nxf7+ Bxf7 38. Rxf7 b4 39. Rg7 Be3 40. Rxg6+ Kd7 41. Bxd5 bxc3 42. Bxc4 Rxf2+ 43. Kg3 Rb2 44. Be6+ Ke7 45. Bf5 c2 46. Bxc2 Rxc2 47. d5 Bc5 48. Rc6 Bd6+ 49. Kf3 Ra2 50. Ke4 Ra4+ 51. Kd3 Kd7 52. Rc4 Ra1 53. Rg4 Rd1+ 54. Ke4 Re1+ 55. Kd3 Be7 56. Rg6 Rf1 57. Re6 Bf6 58. Ra6 Rd1+ 59. Ke2 1/2-1/2

[Event "GER-ch Seniors 65"]
[Site "Hamburg"]
[Date "2018.07.27"]
[Round "7"]
[White "Dresen, Ulrich"]
[Black "Jacob, Helmut"]
[Result "1-0"]
[WhiteElo "2252"]
[BlackElo "2063"]
[PlyCount "31"]
[EventDate "2018.07.21"]
[EventType "swiss"]
[EventRounds "9"]
[EventCountry "GER"]
[SourceTitle "CBM 186 Extra"]
[Source "ChessBase"]
[SourceDate "2018.08.24"]
[SourceVersion "1"]
[SourceVersionDate "2018.08.24"]
[SourceQuality "1"]

1. d4 Nf6 2. Bg5 e6 3. Nd2 h6 4. Bh4 c5 5. e3 Nc6 6. c3 b6 7. Ngf3 d6 8. Bb5 Bd7 9. Ne4 g5 10. Nxf6+ Qxf6 11. Bg3 Qe7 12. Qa4 Nd8 13. dxc5 bxc5 14. Ne5 dxe5 15. 0-0-0 Bg7 16. Rxd7 1-0

[Event "Oberliga NRW 1718"]
[Site "Germany"]
[Date "2018.04.29"]
[Round "9.3"]
[White "Wessendorf, Thomas"]
[Black "Dresen, Ulrich"]
[Result "0-1"]
[WhiteElo "2190"]
[BlackElo "2213"]
[PlyCount "128"]
[EventDate "2017.09.17"]
[EventType "team-tourn"]
[EventRounds "9"]
[EventCountry "GER"]
[SourceTitle "EXT 2019"]
[Source "ChessBase"]
[SourceDate "2018.10.10"]
[SourceVersion "1"]
[SourceVersionDate "2018.10.10"]
[SourceQuality "1"]
[WhiteTeam "Essen Katernberg"]
[BlackTeam "Gerresheim"]
[WhiteTeamCountry "GER"]
[BlackTeamCountry "GER"]

1. e4 e5 2. Nf3 Nc6 3. Bb5 a6 4. Ba4 Nf6 5. 0-0 Be7 6. Re1 b5 7. Bb3 d6 8. c3 0-0 9. h3 Bb7 10. d4 Re8 11. Ng5 Rf8 12. f4 h6 13. Nf3 exd4 14. cxd4 d5 15. e5 Ne4 16. Nc3 Na5 17. Bc2 f5 18. exf6 Bxf6 19. Nxe4 dxe4 20. Ne5 Nc4 21. Nxc4 bxc4 22. Be3 Qd6 23. Qe2 Bd5 24. Rad1 a5 25. Bc1 Rfe8 26. Qh5 Bf7 27. Qc5 Bd5 28. Ba4 Qxc5 29. dxc5 c6 30. Re2 Re7 31. Be3 Rb8 32. Bd4 Rb4 33. Bxf6 gxf6 34. b3 cxb3 35. axb3 e3 36. Rd3 Rbe4 37. Rc3 f5 38. g3 h5 39. h4 Kg7 40. Re1 Kf6 41. Kf1 R4e6 42. Rd3 Re4 43. Rc3 R7e6 44. Ke2 Ke7 45. Rd1 Rg6 46. Rg1 Rxf4 47. Rxe3+ Kf6 48. Rd1 Re4 49. Rxe4 fxe4 50. Rg1 Ke5 51. Ke3 Rf6 52. g4 Rf3+ 53. Ke2 hxg4 54. Rxg4 Kd4 55. Rg6 Kxc5 56. h5 Rh3 57. h6 Kd4 58. Bxc6 Rh2+ 59. Ke1 Bxb3 60. Rg4 Bc2 61. Rg5 a4 62. Ra5 Rxh6 63. Bxa4 Ke3 64. Kf1 Rh1+ 0-1

[Event "NRW Class2 1617"]
[Site "Germany"]
[Date "2016.11.13"]
[Round "3.6"]
[White "Dresen, Ulrich"]
[Black "Mueller, Achim1111"]
[Result "1-0"]
[WhiteElo "2199"]
[BlackElo "2106"]
[PlyCount "79"]
[EventDate "2016.09.25"]
[EventType "team-tourn"]
[EventRounds "9"]
[EventCountry "GER"]
[SourceTitle "EXT 2023"]
[Source "ChessBase"]
[SourceDate "2022.10.05"]
[SourceVersion "1"]
[SourceVersionDate "2022.10.05"]
[SourceQuality "1"]
[WhiteTeam "Gerresheim"]
[BlackTeam "Emsdetten Rochade"]
[WhiteTeamCountry "GER"]
[BlackTeamCountry "GER"]

1. d4 f5 2. Nf3 Nf6 3. Bg5 d5 4. Nbd2 Be6 5. e3 Nbd7 6. c4 c6 7. Bd3 Ne4 8. Bf4 g6 9. Qc2 Qa5 10. 0-0 Nxd2 11. Nxd2 Bg7 12. b4 Qd8 13. Rab1 0-0 14. Rfc1 Qe8 15. b5 h6 16. bxc6 bxc6 17. h4 Bf7 18. Nf3 c5 19. cxd5 Bxd5 20. Bc4 Qf7 21. Rb7 Nb6 22. Bxd5 Qxd5 23. Rxe7 cxd4 24. exd4 Rfc8 25. Qe2 Nc4 26. Rc7 Rxc7 27. Bxc7 Nb6 28. Be5 Qe4 29. Qb2 Rd8 30. Re1 Qd5 31. Bxg7 Kxg7 32. Re7+ Kf6 33. Rxa7 Nc4 34. Qc1 Rh8 35. Rc7 Nd6 36. Rc6 Kg7 37. Rc7+ Kf6 38. Qe3 Ne4 39. Ne5 Nd6 40. Nd7+ 1-0

[Event "NRW Class2 1213"]
[Site "Germany"]
[Date "2013.03.10"]
[Round "7.2"]
[White "Dresen, Ulrich"]
[Black "Pieper Emden, Carsten"]
[Result "1/2-1/2"]
[WhiteElo "2166"]
[BlackElo "2177"]
[PlyCount "28"]
[EventDate "2012.09.16"]
[EventType "team-tourn"]
[EventRounds "9"]
[EventCountry "GER"]
[SourceTitle "EXT 2017"]
[Source "ChessBase"]
[SourceDate "2016.10.25"]
[SourceVersion "1"]
[SourceVersionDate "2016.10.25"]
[SourceQuality "1"]
[WhiteTeam "Gerresheim"]
[BlackTeam "Herford"]
[WhiteTeamCountry "GER"]
[BlackTeamCountry "GER"]

1. d4 e6 2. Nf3 f5 3. Bg5 Nf6 4. Nbd2 d5 5. e3 Be7 6. Be2 0-0 7. 0-0 Nbd7 8. c4 c6 9. Qc2 Ne4 10. Bxe7 Qxe7 11. Rad1 Rf6 12. Ne5 Nxd2 13. Rxd2 Nxe5 14. dxe5 Rf8 1/2-1/2

[Event "NRW Class2 1213"]
[Site "Germany"]
[Date "2012.12.16"]
[Round "4.2"]
[White "Langers, Alexander"]
[Black "Dresen, Ulrich"]
[Result "1/2-1/2"]
[WhiteElo "2156"]
[BlackElo "2166"]
[PlyCount "112"]
[EventDate "2012.09.16"]
[EventType "team-tourn"]
[EventRounds "9"]
[EventCountry "GER"]
[SourceTitle "EXT 2017"]
[Source "ChessBase"]
[SourceDate "2016.10.25"]
[SourceVersion "1"]
[SourceVersionDate "2016.10.25"]
[SourceQuality "1"]
[WhiteTeam "Herne Sodingen"]
[BlackTeam "Gerresheim"]
[WhiteTeamCountry "GER"]
[BlackTeamCountry "GER"]

1. e4 d6 2. d4 Nf6 3. Nc3 e5 4. Nf3 Nbd7 5. Bc4 Be7 6. 0-0 0-0 7. a4 a5 8. Qe2 c6 9. h3 Qc7 10. Bg5 h6 11. Bh4 Re8 12. dxe5 dxe5 13. Nb1 Nf8 14. Nbd2 Ng6 15. Bg3 Bc5 16. Nh4 Nf4 17. Qf3 Be6 18. Bxe6 Rxe6 19. Rad1 Nh7 20. Rfe1 Rd8 21. Nc4 Rxd1 22. Qxd1 Re8 23. Nf5 Ng6 24. h4 Nf6 25. h5 Nf8 26. Qf3 N8h7 27. Bh4 Re6 28. Rd1 Ng5 29. Bxg5 hxg5 30. g4 g6 31. Nfe3 Kg7 32. Kg2 Ng8 33. Rh1 Qe7 34. Qh3 Bxe3 35. hxg6 fxg6 36. Qh8+ Kf8 37. Nxe3 Qf6 38. Qxf6+ Nxf6 39. Kf3 Nd7 40. Rh7 Nc5 41. Nc4 Re7 42. Rh8+ Kg7 43. Ra8 Nxa4 44. b3 Nc5 45. Nxa5 Ne6 46. Ra7 Nd4+ 47. Kg2 Kf6 48. c3 Nb5 49. Rxb7 Rxb7 50. Nxb7 Nxc3 51. Kf3 Nb5 52. Ke3 Nd4 53. Nc5 Ke7 54. Kd3 Kd6 55. Nb7+ Kc7 56. Nc5 Kd6 1/2-1/2

[Event "Oberliga NRW 1112"]
[Site "Germany"]
[Date "2012.04.29"]
[Round "9.3"]
[White "Dresen, Ulrich"]
[Black "Erwich, Frank"]
[Result "0-1"]
[WhiteElo "2166"]
[BlackElo "2340"]
[PlyCount "136"]
[EventDate "2011.09.18"]
[EventType "team-tourn"]
[EventRounds "9"]
[EventCountry "GER"]
[SourceTitle "EXT 2015"]
[Source "ChessBase"]
[SourceDate "2014.11.20"]
[SourceVersion "1"]
[SourceVersionDate "2014.11.20"]
[SourceQuality "1"]
[WhiteTeam "Gerresheim"]
[BlackTeam "Erkenschwick"]
[WhiteTeamCountry "GER"]
[BlackTeamCountry "GER"]

1. Nf3 Nf6 2. d4 b6 3. Bg5 e6 4. e4 h6 5. Bxf6 Qxf6 6. Bd3 Bb7 7. Nbd2 d6 8. Qe2 Nd7 9. h4 g6 10. 0-0-0 Bg7 11. c3 0-0-0 12. Kb1 Kb8 13. Rhe1 g5 14. h5 Qe7 15. Nf1 c5 16. Ba6 Ba8 17. Ng3 Nf6 18. Nd2 Ne8 19. Ndf1 cxd4 20. cxd4 Nc7 21. Bc4 d5 22. exd5 Nxd5 23. Bxd5 Bxd5 24. Nf5 Qf6 25. Nxg7 Qxg7 26. f3 Kb7 27. Qe5 f6 28. Qe2 Rhe8 29. Ne3 Qf7 30. g4 Qh7+ 31. Ka1 Qd7 32. Nxd5 Qxd5 33. Qe4 Re7 34. Kb1 Rd6 35. Qxd5+ Rxd5 36. Re4 Kc6 37. Rde1 Kd6 38. f4 gxf4 39. Rxf4 f5 40. Rh1 Rg7 41. gxf5 exf5 42. Rh2 Rg4 43. Rhf2 Rg5 44. Rh2 Ke6 45. Kc2 b5 46. Kd3 Rg3+ 47. Ke2 Kf6 48. Kf2 Rd3 49. Rg2 Rd2+ 50. Kf3 Rxg2 51. Kxg2 Kg5 52. Kf3 Kxh5 53. Ke3 Kg5 54. Rf2 Rd7 55. Rg2+ Kf6 56. Rh2 Rh7 57. Kf4 h5 58. Rc2 Re7 59. Kf3 h4 60. Rc6+ Kg5 61. Rc8 Rh7 62. Rg8+ Kf6 63. Rf8+ Ke6 64. Re8+ Kd5 65. Re1 h3 66. Kf4 h2 67. Rh1 Kxd4 68. Kxf5 Ke3 0-1

[Event "BL2-West 1011"]
[Site "Germany"]
[Date "2011.03.20"]
[Round "8.8"]
[White "Dahm, Jochen"]
[Black "Dresen, Ulrich"]
[Result "1-0"]
[WhiteElo "2362"]
[BlackElo "2274"]
[PlyCount "75"]
[EventDate "2010.10.10"]
[EventType "team-tourn"]
[EventRounds "9"]
[EventCountry "GER"]
[SourceTitle "EXT 2012"]
[Source "ChessBase"]
[SourceDate "2011.11.24"]
[SourceVersion "1"]
[SourceVersionDate "2011.11.24"]
[SourceQuality "1"]
[WhiteTeam "Bochum 31"]
[BlackTeam "Gerresheim"]
[WhiteTeamCountry "GER"]
[BlackTeamCountry "GER"]

1. e4 e5 2. Nf3 Nf6 3. Nc3 Bb4 4. Nxe5 0-0 5. Nd3 Bxc3 6. dxc3 Nxe4 7. Be2 d5 8. 0-0 Bf5 9. f3 Nd6 10. Nf4 c6 11. g4 Bg6 12. Be3 Nd7 13. b3 Re8 14. Bf2 Nf8 15. Qd2 Qa5 16. h4 f6 17. h5 Bf7 18. Rfd1 Rad8 19. c4 Qxd2 20. Rxd2 Ne6 21. Nxe6 Bxe6 22. cxd5 Bxd5 23. Kf1 Nf7 24. Rad1 b6 25. c4 Be6 26. Bg3 Rxd2 27. Rxd2 Rd8 28. Rxd8+ Nxd8 29. Bf4 Bd7 30. b4 Nf7 31. a4 Ne5 32. Bg3 Kf7 33. Kf2 Ke7 34. Ke3 c5 35. b5 h6 36. Ke4 Nf7 37. a5 Be8 38. Bb8 1-0

[Event "BL2-West 1011"]
[Site "Germany"]
[Date "2011.01.16"]
[Round "5.5"]
[White "Dresen, Ulrich"]
[Black "Mainka, Romuald"]
[Result "0-1"]
[WhiteElo "2274"]
[BlackElo "2483"]
[PlyCount "68"]
[EventDate "2010.10.10"]
[EventType "team-tourn"]
[EventRounds "9"]
[EventCountry "GER"]
[SourceTitle "EXT 2012"]
[Source "ChessBase"]
[SourceDate "2011.11.24"]
[SourceVersion "1"]
[SourceVersionDate "2011.11.24"]
[SourceQuality "1"]
[WhiteTeam "Gerresheim"]
[BlackTeam "Dortmund Hansa"]
[WhiteTeamCountry "GER"]
[BlackTeamCountry "GER"]

1. d4 f5 2. g3 Nf6 3. Bg2 g6 4. Nh3 Bg7 5. c3 Nc6 6. 0-0 0-0 7. Qb3+ Kh8 8. Nd2 e5 9. dxe5 Nxe5 10. Nf4 c6 11. Nf3 Ne4 12. Nxe5 Bxe5 13. Nd3 Bg7 14. Be3 Qe7 15. Rad1 d5 16. Bd4 Be6 17. Qb4 Qc7 18. Nc5 Nxc5 19. Qxc5 f4 20. Rfe1 Qf7 21. gxf4 Qxf4 22. Bxg7+ Kxg7 23. Qd4+ Kg8 24. Qxf4 Rxf4 25. Rd4 Rf7 26. e3 g5 27. h3 Raf8 28. Re2 Kg7 29. a3 Bf5 30. f3 h5 31. h4 g4 32. f4 Re7 33. Kf2 Rfe8 34. b4 g3+ 0-1

[Event "BL2-West 1011"]
[Site "Germany"]
[Date "2010.12.12"]
[Round "4.8"]
[White "Dresen, Ulrich"]
[Black "Balduan, Markus"]
[Result "1/2-1/2"]
[WhiteElo "2274"]
[BlackElo "2291"]
[PlyCount "28"]
[EventDate "2010.10.10"]
[EventType "team-tourn"]
[EventRounds "9"]
[EventCountry "GER"]
[SourceTitle "EXT 2012"]
[Source "ChessBase"]
[SourceDate "2011.11.24"]
[SourceVersion "1"]
[SourceVersionDate "2011.11.24"]
[SourceQuality "1"]
[WhiteTeam "Gerresheim"]
[BlackTeam "Solingen Aljechin II"]
[WhiteTeamCountry "GER"]
[BlackTeamCountry "GER"]

1. d4 d5 2. Bf4 e6 3. e3 c5 4. c3 Nc6 5. Nf3 Bd6 6. Bg3 Nf6 7. Nbd2 Qe7 8. Ne5 Nd7 9. Bb5 Bxe5 10. dxe5 0-0 11. f4 c4 12. Ba4 f6 13. Nf3 Nc5 14. Bc2 f5 1/2-1/2

[Event "NRW-ch"]
[Site "Herne"]
[Date "2008.10.03"]
[Round "9"]
[White "Mueller, Michael1111"]
[Black "Dresen, Ulrich"]
[Result "1-0"]
[WhiteElo "2226"]
[BlackElo "2319"]
[PlyCount "95"]
[EventDate "2008.09.27"]
[EventType "swiss"]
[EventRounds "9"]
[EventCountry "GER"]
[SourceTitle "EXT 2010"]
[Source "ChessBase"]
[SourceDate "2010.11.25"]
[SourceVersion "1"]
[SourceVersionDate "2010.11.25"]
[SourceQuality "1"]

1. d4 d5 2. Nf3 Nf6 3. Bf4 c5 4. e3 Nc6 5. c3 Qb6 6. b3 Bg4 7. Be2 e6 8. h3 Bh5 9. 0-0 Be7 10. a4 cxd4 11. exd4 0-0 12. b4 Rfc8 13. Nbd2 Qd8 14. Rc1 a5 15. b5 Nb8 16. Ne5 Bxe2 17. Qxe2 Nbd7 18. Ndf3 Nxe5 19. Nxe5 Nd7 20. c4 dxc4 21. Nxc4 Nf6 22. Be5 Nd5 23. Qg4 g6 24. Qf3 f6 25. Bg3 Qd7 26. Kh2 Bb4 27. Qd3 Kg7 28. Rc2 Rxc4 29. Rxc4 Rd8 30. Rfc1 Bd6 31. Bxd6 Qxd6+ 32. Qg3 Qxg3+ 33. Kxg3 f5 34. Kf3 h5 35. g3 Kf6 36. Rc8 Rxc8 37. Rxc8 b6 38. Ke2 Ke7 39. h4 Kf7 40. Kd3 Ke7 41. Kc4 f4 42. Kd3 fxg3 43. fxg3 Kf7 44. Ke4 Kf6 45. Rc1 Ke7 46. Ke5 Nf6 47. Rc6 Nd7+ 48. Kf4 1-0

[Event "NRW-ch"]
[Site "Herne"]
[Date "2008.10.02"]
[Round "7"]
[White "Funke, Reinhard"]
[Black "Dresen, Ulrich"]
[Result "0-1"]
[WhiteElo "2213"]
[BlackElo "2319"]
[PlyCount "96"]
[EventDate "2008.09.27"]
[EventType "swiss"]
[EventRounds "9"]
[EventCountry "GER"]
[SourceTitle "EXT 2010"]
[Source "ChessBase"]
[SourceDate "2010.11.25"]
[SourceVersion "1"]
[SourceVersionDate "2010.11.25"]
[SourceQuality "1"]

1. d4 d5 2. c4 c6 3. Nf3 Nf6 4. e3 a6 5. Nc3 b5 6. c5 Bg4 7. h3 Bxf3 8. Qxf3 Nbd7 9. Qg3 b4 10. Nb1 g6 11. Nd2 e5 12. Be2 Qe7 13. dxe5 Nxe5 14. Qf4 a5 15. a3 bxa3 16. Rxa3 Bg7 17. 0-0 0-0 18. b4 axb4 19. Qxb4 Rab8 20. Qf4 Rfe8 21. Ra5 Nfd7 22. Ba3 f5 23. Rc1 Nf6 24. Qa4 Qc7 25. Ra6 Ne4 26. Nf1 Rec8 27. Bb4 Nd7 28. f3 Nef6 29. Bd3 f4 30. Ba5 Qe5 31. exf4 Qe7 32. Rxc6 Bf8 33. Rxc8 Rxc8 34. c6 Nc5 35. Qb5 Nxd3 36. Qxd3 Qa7+ 37. Qe3 Qxa5 38. Qe6+ Kg7 39. Qxc8 Qa3 40. Qb7+ Kh6 41. c7 Qxc1 42. c8Q Bc5+ 43. Kh2 Qxf4+ 44. Kh1 Qd4 45. Ne3 Qa1+ 46. Kh2 Bxe3 47. Qf8+ Kh5 48. Qbb4 Qg1+ 0-1